000
00237nam a2200097Ia 4500
005
20251222114340.0
008
251222s1900||||xx |||||||||||||| ||spa||
082
_a
DVD0010/S29/2004
245
0
_a
Batman eternamente:Batman for ever
942
_c
DVD
999
_c
819
_d
819